| 000 | 01376ngm a2200361 4500 | ||
|---|---|---|---|
| 003 | dpl | ||
| 005 | 20090313115545.0 | ||
| 007 | DVD | ||
| 008 | ||||||sp199 xxu|||||c|||| 00| 0 eng d | ||
| 010 | _aDVD-001744 | ||
| 024 | _c299.00 | ||
| 035 | _aDVD-001744 | ||
| 040 |
_aDPL _cDPL |
||
| 082 | _aDVD / KING | ||
| 245 |
_aKing Arthuur / _cTouchstone Pictures and Jerry Bruckheimer Films Presents _h[videorecording] DVD/ |
||
| 260 | _bExcel Home Videos | ||
| 300 |
_a2 videodisc VCD; _bsd., col. ; _c4 3/4 in. _fVCD |
||
| 500 | _aThis DVD is Copy Protected | ||
| 500 | _aOriginal Theatrical Version | ||
| 500 | _aThe untold true story that inspired the legend. | ||
| 538 | _aDolby Digital 5.1-English Subtitles: English | ||
| 538 | _aAspect Ratio: 2.35:1, Presentation type: Wide Screen, Presentation Size 16x9 Format DVD 9 Dual Layer Single Sided Disc. | ||
| 650 | _aMotion Picture | ||
| 700 | _aGrufffudd, Ioan | ||
| 700 | _aSkarsgard, Stellan | ||
| 700 | _aDillane, Stephen | ||
| 700 | _aWinstone, Ray | ||
| 700 | _aDancy, Hugh | ||
| 700 | _aSchweiger, Til | ||
| 942 |
_cCF _2ddc _hDVD _mKING |
||
| 999 |
_c25141 _d25141 |
||